Normal view MARC view

Entry Personal Name

Number of records used in: 3

001 - CONTROL NUMBER

  • control field: 3716

003 - CONTROL NUMBER IDENTIFIER

  • control field: DLC

005 - DATE AND TIME OF LATEST TRANSACTION

  • control field: 20230929155932.0

008 - FIXED-LENGTH DATA ELEMENTS

  • fixed length control field: 840613n| azannaabn |a aaa c

010 ## - LIBRARY OF CONGRESS CONTROL NUMBER

  • LC control number: n 84802109

035 ## - SYSTEM CONTROL NUMBER

  • System control number: (OCoLC)oca01114105

040 ## - CATALOGING SOURCE

  • Original cataloging agency: ICU
  • Language of cataloging: eng
  • Description conventions: rda
  • Transcribing agency: ICU
  • Modifying agency: NmU
  • Modifying agency: CSt
  • Modifying agency: OCoLC

046 ## - SPECIAL CODED DATES

  • Birth date: 1928-09-26
  • Death date: 1993-08-22
  • Source of date scheme: edtf

100 1# - HEADING--PERSONAL NAME

  • Personal name: Royden, H. L.,
  • Dates associated with a name: 1928-1993

370 ## - ASSOCIATED PLACE

  • Associated country: United States
  • Source of term: naf

372 ## - FIELD OF ACTIVITY

  • Field of activity: Mathematics
  • Source of term: lcsh

373 ## - ASSOCIATED GROUP

  • Associated group: Stanford University
  • Source of term: naf

373 ## - ASSOCIATED GROUP

  • Associated group: College teachers
  • Associated group: Mathematicians
  • Source of term: lcsh

377 ## - ASSOCIATED LANGUAGE

  • Language code: eng

400 1# - SEE FROM TRACING--PERSONAL NAME

  • Personal name: Royden, Halsey Lawrence,
  • Dates associated with a name: 1928-1993

670 ## - SOURCE DATA FOUND

  • Source citation: LC data base, May 30, 1984
  • Information found: (hdg.: Royden, H.L.; usage: H.L. Royden)

670 ## - SOURCE DATA FOUND

  • Source citation: Real analysis, c1968:
  • Information found: t.p. (H.L. Royden; Stanford Univ.)

670 ## - SOURCE DATA FOUND

  • Source citation: OCLC, 7/31/98
  • Information found: (hdg.: Royden, Halsey Lawrence, 1928- , Royden, Halsey L.; usage: H.L. Royden, Halsey L. Royden)

670 ## - SOURCE DATA FOUND

  • Source citation: Wikipedia, viewed September 14, 2018
  • Information found: (Halsey Lawrence Royden Jr. (26 September 1928, Phoenix, Arizona-22 August 1993, Los Altos Hills) was an American mathematician...professor at Stanford University)

Powered by Koha